LEADER 01212nam a2200253 i 4500 001 000000155065 003 CaOOAMICUS 005 20090407000000.0 008 090407s1986 it u000 u ita u 013 $a132414 040 $aSeMil$bita 100 1 $aNatale, Sebastiana Maria.$0(OLS)http://semarc/name/60656 245 13$aLa Repubblica Ambrosiana :$b14 agosto 1447-25 febbraio 1450 /$cSebastiana Maria Natale. 260 $a[Milano] :$bCamera di Commercio, Industria, Artigianato e Agricoltura di Milano,$ccopyr. 1986. 300 $a155 p. :$bill. ;$c30 cm. 500 $aIn custodia. - Fondo Card. Giovanni Colombo. 650 4$aMilano - Storia - Sec. 15.$0(OLS)http://semarc/subject/10485 650 4$aMilano - Storia - Repubblica Ambrosiana <1447-1450>.$0(OLS)http://semarc/subject/30370 850 $aSeMil 852 $aSeMil$W1$xVenegono$y1$m3O V 152$j106916$B106916$CSeMilBibl$Z2$F142783 $81 941 1 $a3 961 $aLascito: Colombo Card. Giovanni 996 $6245$aLa Repubblica Ambrosiana :$b14 agosto 1447-25 febbraio 1450$9(OLS)http://semarc/title/227060 996 $6260$a[Milano] :$bCamera di Commercio, Industria, Artigianato e Agricoltura di Milano$9(OLS)http://semarc/publisher/30503 LEADER 01231nam a2200253 i 4500 001 000000072262 003 CaOOAMICUS 005 20090303000000.0 008 090303s1901 be u000 u mul u 013 $a43434 040 $aSeMil$bita 240 00$aDe unitate formae.$0(OLS)http://semarc/title/116440 240 10$aDe unitate formae.$0(OLS)http://semarc/title/116442 245 13$aLe traité "De unitate formae" de Gilles de Lessines /$ctexte inédite et étude par M. De Wulf. 260 $aLouvain :$bInstitut supérieur de philosophie de l'Université,$c1901. 300 $a122, 100 p. ;$c32 cm. 490 0 $aLes philosophes belges : textes et études ;$v1 700 1 $aWulf, Maurice : de <1867-1947>.$0(OLS)http://semarc/name/515 700 1 $aLessines, Gilles : de.$0(OLS)http://semarc/name/35782 830 4$aLes philosophes belges : textes et études ;$v1.$0(OLS)http://semarc/title/19472 850 $aSeMil 852 $aSeMil$W1$xVenegono$y1$m2P VI 71$j38415$B38415$CSeMilBibl$Z2$F38418 $81 996 $6245$aLe traité "De unitate formae" de Gilles de Lessines$9(OLS)http://semarc/title/116441 996 $6260$aLouvain :$bInstitut supérieur de philosophie de l'Université$9(OLS)http://semarc/publisher/33980